00924nam a2200241 a 450000100100000000500170001000800410002704000250006808200260009310000260011924500750014525000110022026000380023130000270026950000630029650000620035959000270042165000270044865000310047591000380050695201230054499900150066700000758120240530073911.0090909s2004 dr a r 000 f spa d aDO-SdBNPbspacBNPHU aRD863.44bB438u, 20041 aBeras, Vicente92103913aLa última clase :bel año escolar de un travieso /cVicente Beras. a4a ed. a[Santo Domingo] :b[s.n.],c2004. a52 p. :bil. ;c20 cm. aIncluye datos biográficos del autor en la contracubierta aLa biblioteca posee un ejemplar autografiado por el autor aInventariado, 2020/MFF 0aNovela dominicana9223 0aLiteratura dominicana.967 aValidado. Control de calidad. MFF 0010718PDaPDbPDcHDd2009-09-09iLF1l0oRD863.44 B438u, 2004p7581-10r2020-06-25w2020-06-25yLFPDZNo se presta c7361d7361